000 01021cam a2200229 4500
001 L136609
008 070212n2007 000 0 eng u
035 _a(Sirsi) u136609
041 0 _aeng
050 _a306.1 $2 18
110 2 _aLondon
_bGreater London Authority
_bMayor of London
_94869
245 0 0 _aAnnual London survey 2006
_h[electronic resource]
260 _c2007
520 _aEnables the Mayor and the GLA to capture Londoners' views on life in the capital. The 2006 survey finds that affordable housing and property prices have overtaken crime and safety to become Londoners' top priority for improving the city.
590 _aKA
650 2 4 _aAffordable housing
_96215
651 4 _aLONDON
690 _aPROPERTY-RESIDENTIAL PROPERTY-DOMESTIC RESIDENTIAL PROPERTY-HOUSING
710 2 _aLondon
_bGreater London Authority
_93989
856 4 0 _uhttps://legacy.london.gov.uk/mayor/annual_survey/2006/als-2006-fullreport.pdf
_zView the survey results free of charge at www.london.gov.uk...
942 _n0
999 _c106454
_d106454